Statistiques concernant Les catcheurs avec la meilleure présence dans le top 10 du PWI 500

Cliquez ici pour prendre le quiz!

Statistiques générales

  • Ce quiz a été pris 111 fois
  • Le résultat moyen est 39 sur 119

Statistiques - réponses

PointsAnnées dans le top 10Catcheur% Correct
952004 - 2016John Cena
99%
141998, 2001, 2003Booker T
97%
522004, 2008 - 2011, 2014 - 2015Randy Orton
96%
371997 - 1999, 2002, 2007 - 2008, 2010The Undertaker
95%
582000 - 2005, 2008 - 2009Triple H
95%
642014 - 2019, 2021 - 2023Roman Reigns
90%
22022Big E
89%
171999 - 2000, 2002The Rock
87%
372002, 2005 - 2009Edge
85%
152005, 2010Batista
83%
422015 - 2016, 2018 - 2020, 2023Seth Rollins
82%
171996-1997, 2003The Big Show
80%
72011Kane
79%
212003, 2006, 2018Brock Lesnar
76%
271991, 1994 - 1996Hulk Hogan
76%
191996, 2006, 2011Rey Mysterio
76%
292016 - 2017, 2020 - 2021, 2023Dean Ambrose
73%
461993 - 1996, 2004, 2006 - 2008Shawn Michaels
73%
42013Jeff Hardy
70%
421998, 2000 - 2004, 2009 - 2010, 2020Chris Jericho
68%
392009 - 2013, 2022CM Punk
68%
132018, 2020, 2022 - 2023Cody Rhodes
66%
132010, 2012 - 2013Sheamus
66%
92019 - 2020Kofi Kingston
65%
431992, 1994, 1997 - 1999, 2001Steve Austin
65%
301991 - 1994, 1996Ric Flair
62%
142020 - 2021Drew McIntyre
60%
52014Bray Wyatt
59%
122011, 2017 - 2018The Miz
59%
302012, 2014, 2019, 2022Daniel Bryan
55%
662004 - 2005, 2010, 2014 - 2020AJ Styles
54%
82013 - 2014Bully Ray
54%
582001 - 2003, 2005 - 2008, 2010, 2012Kurt Angle
54%
22012Mark Henry
54%
172002 - 2004Eddie Guerrero
53%
331992 - 1995Bret Hart
52%
271997, 2000 - 2001, 2004Chris Benoit
49%
42007Christian
49%
111998 - 1999Goldberg
48%
112011 - 2013, 2015Alberto Del Rio
45%
202008, 2010, 2015-2017Shinsuke Nakamura
45%
151995 - 1996Kevin Nash
42%
162007, 2021 - 2022Bobby Lashley
41%
22013Dolph Ziggler
41%
441991, 1996, 2009Sting
41%
21992The Ultimate Warrior
41%
191991 - 1992, 1995Randy Savage
40%
11994Owen Hart
38%
201999, 2002 - 2003Rob Van Dam
38%
112016, 2021Finn Balor
37%
62005JBL
37%
152013, 2015 - 2017Kevin Owens
37%
292017 - 2019, 2021Kenny Omega
36%
12009Ultimo Guerrero
35%
61993Yokozuna
34%
52018Braun Strowman
33%
172006, 2008, 2017Samoa Joe
32%
632013 - 2014, 2016 - 2020, 2022 - 2023Kazuchika Okada
26%
112014, 2020Adam Cole
25%
52023MJF
25%
72023Gunther
23%
61994 - 1995Razor Ramon
23%
52019, 2021Will Ospreay
20%
32015Rusev
18%
201993 - 1995Vader
18%
111991 - 1992, 1994Ricky Steamboat
17%
22005Shelton Benjamin
17%
191997 - 1999Diamond Dallas Page
16%
52019Johnny Gargano
16%
191991, 1993, 1997Lex Luger
15%
21993Mr. Perfect
13%
81995 - 1996Sabu
12%
131991 - 1993, 2001Scott Steiner
12%
72022Adam Page
11%
142009, 2013, 2019Hirochi Tanahashi
11%
11991Rick Steiner
11%
112012, 2017Bobby Roode
10%
82018, 2020Tetsuya Naito
10%
72000, 2006Jeff Jarrett
9%
321996, 1998, 2000, 2003 - 2004, 2006Kenta Kobashi
9%
62021Kota Ibushi
9%
42011Mr. Anderson
9%
21991Arn Anderson
8%
142006 - 2007Mistico
8%
32023Orange Cassidy
8%
41992Jerry Lawler
7%
291995, 1997 - 1999, 2001Matsuharu Misawa
7%
71997 - 1998, 2000Jushin Liger
5%
101992 - 1993Rick Rude
5%
61996Ahmed Johnson
4%
22023Josh Alexander
4%
32014Magnus
4%
52004Toshiaki Kawada
4%
261999, 2001 - 2003Keiji Muto
3%
31998Ken Shamrock
3%
31991Steve Williams
3%
101997Dean Malenko
2%
12005Hiroyoshi Tenzan
2%
42015Jay Briscoe
2%
52012Jun Akiyama
2%
52000Justin Credible
2%
82008 - 2009Nigel McGuinness
2%
82005Satoshi Kojima
2%
22021Shingo Takagi
2%
11999Taz
2%
92022 - 2023El Hijo Del Vinkingo
1%
62016Jay Lethal
1%
12000Kensuke Sasaki
1%
42000Mike Awesome
1%
32007Perro Aguayo Jr
1%
12001Rhyno
1%
12007Takeshi Morishima
1%
32002Yuji Nagata
1%
42012Davey Richards
0%
22011Eddie Edwards
0%
12022Jonathan Gresham
0%
12021Rich Swann
0%
41997Shinya Hashimoto
0%
62011Takashi Sugiura
0%

Distribution des résultats

Percentile par nombre de réponses

% des personnes avec chaque résultat

Votre développement - résultats

Vous n’avez pas pris ce quiz